Statistics for American TV Shows by Cast Quiz #1

Click here to take the quiz!

General Stats

  • This quiz has been taken 34,625 times
    (21,845 since last reset)
  • The average score is 11 of 22

Answer Stats

CastTV Show% Correct
Carell, Wilson, Fischer, KalingThe Office
86%
Sheen, Cryer, KutcherTwo and a Half Men
82%
Kunis, Kutcher, Grace, PreponThat 70's Show
76%
Parsons, Galecki, Cuoco, BialikThe Big Bang
Theory
72%
MacFarlane, Green, KunisFamily Guy
71%
Hatcher, Longoria, HuffmanDesperate Housewives
67%
Clooney, Wyle, InnesER
63%
Vergara, Bowen, O'Neill, WinterModern Family
63%
Stewart, Goldberg, WheatonStar Trek: The Next
Generation
62%
Perry, Doherty, Spelling, PriestleyBeverly Hills, 90210
57%
Sutherland, Cuthbert, Haysbert24
55%
Laurie, Leonard, EdelsteinHouse M.D.
55%
Lithgow, Curtin, Gordon-Levitt3rd Rock from the Sun
53%
Dinklage, Bean, Clarke, GleesonGame of Thrones
52%
Lopez, Diamond, Berkley, ThiessenSaved by the Bell
39%
Danza, Milano, PintauroWho's the Boss?
39%
Sheen, Janney, Lowe, HillThe West Wing
35%
Thicke, Cameron, DiCaprioGrowing Pains
34%
Shatner, Spader, BergenBoston Legal
27%
Fox, Sheen, LocklearSpin City
27%
Robertson, Robertson, RobertsonDuck Dynasty
16%
Patrick, Olbermann, Scott, BermanSportscenter
15%

Score Distribution

Percentile by Number Answered

Percent of People with Each Score

Your Score History

You have not taken this quiz since the last reset